[Event "Internet Section 06A g/8'+2\""]
[Site "Dos Hermanas"]
[Date "2004.03.06"]
[Round "9"]
[White "Manrique, Gonzalo"]
[Black "Lampreia, Jose"]
[Result "1-0"]
[WhiteElo "1335"]
[BlackElo "1196"]
[PlyCount "71"]
[EventDate "2004.03.06"]
[EventType "swiss (blitz)"]
[EventRounds "9"]
[EventCountry "ESP"]
[SourceTitle "CBM 099 Extra"]
[Source "ChessBase"]
[SourceDate "2004.05.04"]
[SourceVersion "1"]
[SourceVersionDate "2004.05.04"]
[SourceQuality "1"]

1. e4 c5 2. Nf3 Nc6 3. c3 e5 4. d4 f6 5. d5 Na5 6. a3 b6 7. b4 cxb4 8. cxb4 Nb7 9. Bb2 Qc7 10. Nc3 Nd6 11. Rc1 Qd8 12. Nb5 a5 13. Nc7+ Ke7 14. Nxa8 Bb7 15. Nxb6 Qxb6 16. Bc3 Nxe4 17. bxa5 Qa6 18. Bxa6 Bxa6 19. Bb4+ Kf7 20. Bxf8 Kxf8 21. d6 Nh6 22. Rb1 Kf7 23. Qb3+ Kg6 24. Qd5 Nc3 25. Nh4+ Kg5 26. Nf3+ Kg6 27. Nxe5+ fxe5 28. Qb3 Nxb1 29. Qxb1+ Kg5 30. h4+ Kg4 31. Qe4+ Kh5 32. f3 Rf8 33. g4+ Nxg4 34. fxg4+ Kh6 35. Qe3+ g5 36. Qxg5# 1-0